| 000 | 00952nam a2200289 i 4500 | ||
|---|---|---|---|
| 001 | 000020982 | ||
| 003 | DO-SdBNP | ||
| 005 | 20240319150400.0 | ||
| 007 | ta | ||
| 008 | 100825s1996 dr ac 001 0 spa d | ||
| 020 | _a8460559378 | ||
| 040 |
_aDO-SdBNP _bspa _cBNPHU _erda |
||
| 082 |
_bJ391n _222 |
||
| 100 |
_aJansen, Senaida _943927 |
||
| 245 | 1 | 0 |
_aNosotras, las que caminamos / _cSenaida Jansen, Mármol Roldán ; fotografías Pedro Guzmán, Lázaro Guzmán |
| 264 | 1 |
_aSanto Domingo : _bHelveta, _c1996. |
|
| 300 |
_a86 páginas _bilustraciones, retratos _c26 cm. |
||
| 336 |
_2rdacontent _atexto _btxt |
||
| 337 |
_2rdamedia _asin mediación _bn |
||
| 338 |
_2rdacarrier _avolumen _bnc |
||
| 504 | _aBibliografía p: 82 -84 | ||
| 590 | _aInventariado, 2024/ YL | ||
| 700 | 1 |
_aRoldán, Mármol _943928 _eautor |
|
| 710 |
_aAsociación Suiza para la Cooperación Internacional (HERVETAS) _985069 |
||
| 910 | _aYLockward | ||
| 942 |
_2ddc _cLBS1 |
||
| 999 |
_c20485 _d20485 |
||